Normal view
MARC view
- Januvamma Paranja kathakal
Entry Topical Term
001 - CONTROL NUMBER
- control field: 241
003 - CONTROL NUMBER IDENTIFIER
- control field: OSt
005 - DATE AND TIME OF LATEST TRANSACTION
- control field: 20150716112754.0
008 - FIXED-LENGTH DATA ELEMENTS
- fixed length control field: 150716|| aca||aabn | a|a d
040 ## - CATALOGING SOURCE
- Original cataloging agency: OSt
- Transcribing agency: OSt
150 ## - HEADING--TOPICAL TERM
- Topical term or geographic name as entry element: Januvamma Paranja kathakal
670 ## - SOURCE DATA FOUND
- Source citation: Work cat.: (OSt): മാധവികുട്ടി 240, ജാനുവമ്മ പറഞ്ഞ കഥകൾ , 2006
